Carl Rogers on personal power / (Record no. 1298)

MARC details
000 -LEADER
fixed length control field 01072nam a2200313 i 4500
005 - DATE AND TIME OF LATEST TRANSACTION
control field 20260322212054.0
008 - FIXED-LENGTH DATA ELEMENTS--GENERAL INFORMATION
fixed length control field data
010 ## - LIBRARY OF CONGRESS CONTROL NUMBER
LC control number 76055418
020 ## - INTERNATIONAL STANDARD BOOK NUMBER
International Standard Book Number 0440009804
020 ## - INTERNATIONAL STANDARD BOOK NUMBER
International Standard Book Number 9780440009801
040 ## - CATALOGING SOURCE
Original cataloging agency DLC
Transcribing agency DLC
Modifying agency CtY-M
-- *OCL*
-- NmU-M
-- CtY-M
050 0# - LIBRARY OF CONGRESS CALL NUMBER
Classification number BF204
Item number .R63
090 ## - LOCALLY ASSIGNED LC-TYPE CALL NUMBER (OCLC); LOCAL CALL NUMBER (RLIN)
Classification number (OCLC) (R) ; Classification number, CALL (RLIN) (NR) BF 204 R631o 1977
001 - CONTROL NUMBER
control field data
100 1# - MAIN ENTRY--PERSONAL NAME
Personal name Rogers, Carl R.
Dates associated with a name 1902-
Fuller form of name (Carl Ransom),
245 10 - TITLE STATEMENT
Title Carl Rogers on personal power /
Statement of responsibility, etc. Carl R. Rogers.
260 0# - PUBLICATION, DISTRIBUTION, ETC.
Place of publication, distribution, etc. New York :
Name of publisher, distributor, etc. Delacorte Press,
Date of publication, distribution, etc. c1977.
300 ## - PHYSICAL DESCRIPTION
Extent xiii, 299 p. ;
Dimensions 24 cm.
504 ## - BIBLIOGRAPHY, ETC. NOTE
Bibliography, etc. note Includes bibliographical references.
590 ## - LOCAL NOTE (RLIN)
Local note Includes bibliographical references.
650 #0 - SUBJECT ADDED ENTRY--TOPICAL TERM
Topical term or geographic name entry element Humanistic psychology.
650 #0 - SUBJECT ADDED ENTRY--TOPICAL TERM
Topical term or geographic name entry element Control (Psychology)
650 #0 - SUBJECT ADDED ENTRY--TOPICAL TERM
Topical term or geographic name entry element Client-centered psychotherapy.
650 #2 - SUBJECT ADDED ENTRY--TOPICAL TERM
Topical term or geographic name entry element Human Development.
650 #2 - SUBJECT ADDED ENTRY--TOPICAL TERM
Topical term or geographic name entry element Nondirective Therapy.
650 #2 - SUBJECT ADDED ENTRY--TOPICAL TERM
Topical term or geographic name entry element Psychology.
650 #2 - SUBJECT ADDED ENTRY--TOPICAL TERM
Topical term or geographic name entry element Psychotherapy.
856 40 - ELECTRONIC LOCATION AND ACCESS
Uniform Resource Identifier <a href="https://openlibrary.org/works/OL2354095W/Carl_Rogers_on_Personal_Power?edition=carlrogersonpers00rog_bjo">https://openlibrary.org/works/OL2354095W/Carl_Rogers_on_Personal_Power?edition=carlrogersonpers00rog_bjo</a>
Link text Online access from the Open Library.
Public note Requires free sign up.
Holdings
Withdrawn status Lost status Damaged status Not for loan Home library Current library Shelving location Date acquired Total checkouts Full call number Barcode Date last seen Price effective from Koha item type
        Centerville Centerville General stacks 22/03/2026   BF204 .R63 BC0011341 22/03/2026 22/03/2026 Books